[Event "30. Open Pula 2016"]
[Site "Pula CRO"]
[Date "2016.09.13"]
[Round "5.10"]
[White "Ciganovic, Nikola"]
[Black "Berke, Ana"]
[Result "0-1"]
[WhiteElo "2206"]
[BlackElo "2128"]
[PlyCount "126"]
[EventDate "2016.09.10"]
[EventType "swiss"]
[EventRounds "9"]
[EventCountry "CRO"]
[SourceTitle "Ajedrez en Madrid"]
[Source "lmi"]
[SourceDate "2016.09.10"]
[SourceVersion "1"]
[SourceVersionDate "2017.04.19"]
[SourceQuality "1"]

1. e4 c5 2. Nf3 e6 3. d4 cxd4 4. Nxd4 Nc6 5. Nc3 Qc7 6. Be3 a6 7. Qf3 b5 8.
O-O-O Bb7 9. Nb3 Nf6 10. Bf4 Ne5 11. Qg3 d6 12. Bxe5 dxe5 13. f3 b4 14. Na4 Be7
15. Qf2 O-O 16. Qb6 Rfc8 17. Qxc7 Rxc7 18. Na5 Kf8 19. Nc4 Bc6 20. Ncb6 Raa7
21. b3 Nd7 22. Nxd7+ Bxd7 23. Nb6 Bb5 24. Nc4 Bg5+ 25. Kb2 Bxc4 26. Bxc4 Be3
27. a4 Bd4+ 28. Kb1 Ke7 29. Rd3 a5 30. Rhd1 Ra8 31. f4 f6 32. Rh3 Rh8 33. f5
exf5 34. exf5 Rd7 35. Rh4 Bc3 36. Rxd7+ Kxd7 37. Kc1 Ke7 38. Rh3 Rd8 39. Rxh7
Bd2+ 40. Kd1 Bh6+ 41. Ke1 Kd6 42. g4 e4 43. h4 Ke5 44. g5 fxg5 45. hxg5 Bxg5
46. Rxg7 Kxf5 47. Ra7 Kf4 48. Rxa5 Bh4+ 49. Ke2 Bf6 50. Rh5 Bc3 51. Rh4+ Ke5
52. Rh5+ Kf4 53. Rh4+ Ke5 54. a5 Bd4 55. a6 Rd7 56. Rh5+ Kf4 57. Rh4+ Ke5 58.
Rh5+ Kf4 59. Be6 Rd6 60. Rf5+ Kg3 61. Bc4 Rh6 62. Rd5 Rh2+ 63. Ke1 Bc3+ 0-1

[Event "30. Open Pula 2016"]
[Site "Pula CRO"]
[Date "2016.09.13"]
[Round "5.11"]
[White "Jurman, Roberto"]
[Black "Vasic, Bosko"]
[Result "0-1"]
[WhiteElo "2186"]
[BlackElo "2090"]
[PlyCount "92"]
[EventDate "2016.09.10"]
[EventType "swiss"]
[EventRounds "9"]
[EventCountry "CRO"]
[SourceTitle "Ajedrez en Madrid"]
[Source "lmi"]
[SourceDate "2016.09.10"]
[SourceVersion "1"]
[SourceVersionDate "2017.04.19"]
[SourceQuality "1"]

1. c4 Nf6 2. Nc3 c5 3. g3 d5 4. cxd5 Nxd5 5. Bg2 Nxc3 6. bxc3 g6 7. Qc2 Bg7 8.
Nf3 O-O 9. O-O Be6 10. Rb1 Bd5 11. d3 Nd7 12. e4 Bc6 13. Be3 Qa5 14. Rfc1 Rac8
15. h3 Rfd8 16. Ne1 b6 17. f4 e5 18. Nf3 Qa6 19. Ne1 exf4 20. gxf4 Nf6 21. c4
Rc7 22. Qf2 Qc8 23. Rb3 Rcd7 24. Ra3 Qc7 25. Bf3 Ne8 26. h4 h5 27. Qg2 Kh7 28.
Rc2 Bh6 29. Qg3 Ng7 30. Rd2 Ne6 31. Ng2 b5 32. cxb5 Bxb5 33. e5 Bxd3 34. Kh2
Ng7 35. Qf2 Ne6 36. Rd1 Qb6 37. Bc1 c4 38. Be3 Qb4 39. Rxa7 Rxa7 40. Bxa7 Nxf4
41. Be4 Bxe4 42. Rxd8 Bxg2 43. Be3 Qb1 44. Qg1 Qf5 45. Kg3 Qg4+ 46. Kf2 Qxh4#
0-1

[Event "30. Open Pula 2016"]
[Site "Pula CRO"]
[Date "2016.09.13"]
[Round "5.13"]
[White "Dotlic, Zdravko"]
[Black "Fucak, Emilio Milko"]
[Result "0-1"]
[WhiteElo "2021"]
[BlackElo "2208"]
[PlyCount "68"]
[EventDate "2016.09.10"]
[EventType "swiss"]
[EventRounds "9"]
[EventCountry "CRO"]
[SourceTitle "Ajedrez en Madrid"]
[Source "lmi"]
[SourceDate "2016.09.10"]
[SourceVersion "1"]
[SourceVersionDate "2017.04.19"]
[SourceQuality "1"]

1. e4 d6 2. d4 Nf6 3. Nc3 g6 4. f4 Bg7 5. Nf3 O-O 6. Bd3 Nc6 7. O-O Bg4 8. Be3
Nb4 9. h3 Bxf3 10. Qxf3 Nxd3 11. cxd3 Nd7 12. f5 c6 13. d5 a5 14. a4 Rc8 15.
dxc6 bxc6 16. Qf2 Rb8 17. d4 Rb4 18. Rfd1 Qb6 19. Rd2 Rb8 20. Ra2 Qa6 21. Bg5
Kf8 22. Qh4 f6 23. Be3 Nb6 24. Qxh7 g5 25. e5 dxe5 26. dxe5 Rh4 27. Qg6 Rh6 28.
exf6 Rxg6 29. fxe7+ Ke8 30. fxg6 Nc4 31. Rd8+ Rxd8 32. exd8=Q+ Kxd8 33. Bxg5+
Kc8 34. b3 Qb6+ 0-1

[Event "30. Open Pula 2016"]
[Site "Pula CRO"]
[Date "2016.09.13"]
[Round "5.14"]
[White "Zagorsek, David"]
[Black "Thuesen, Mogens"]
[Result "1-0"]
[WhiteElo "1945"]
[BlackElo "2196"]
[PlyCount "69"]
[EventDate "2016.09.10"]
[EventType "swiss"]
[EventRounds "9"]
[EventCountry "CRO"]
[SourceTitle "Ajedrez en Madrid"]
[Source "lmi"]
[SourceDate "2016.09.10"]
[SourceVersion "1"]
[SourceVersionDate "2017.04.19"]
[SourceQuality "1"]

1. e4 e6 2. d4 d5 3. Nd2 dxe4 4. Nxe4 Nd7 5. g3 Ngf6 6. Bg5 Be7 7. Bxf6 Nxf6 8.
Bg2 Nxe4 9. Bxe4 c5 10. Ne2 Bf6 11. dxc5 Bxb2 12. Qxd8+ Kxd8 13. Rb1 Bf6 14. c6
Rb8 15. cxb7 Bd7 16. O-O a5 17. Rfd1 Kc7 18. Nd4 Rhd8 19. Nb3 Bc6 20. Rxd8 Bxd8
21. Nc5 Kd6 22. Na6 Rxb7 23. Rxb7 Bxe4 24. Rb8 Bf6 25. c4 Bd3 26. Rb6+ Kd7 27.
c5 Be5 28. Nb8+ Kc7 29. Na6+ Kc8 30. c6 g5 31. h3 h5 32. c7 Bxa6 33. Rxa6 Bxc7
34. Ra8+ Kd7 35. Rh8 1-0

[Event "30. Open Pula 2016"]
[Site "Pula CRO"]
[Date "2016.09.13"]
[Round "5.15"]
[White "Csiki, Endre"]
[Black "Voscilla, Adriano"]
[Result "1/2-1/2"]
[WhiteElo "2029"]
[BlackElo "2186"]
[PlyCount "131"]
[EventDate "2016.09.10"]
[EventType "swiss"]
[EventRounds "9"]
[EventCountry "CRO"]
[SourceTitle "Ajedrez en Madrid"]
[Source "lmi"]
[SourceDate "2016.09.10"]
[SourceVersion "1"]
[SourceVersionDate "2017.04.19"]
[SourceQuality "1"]

1. e4 e5 2. Nf3 Nc6 3. Bb5 a6 4. Ba4 d6 5. c3 Nf6 6. d4 b5 7. Bb3 Bg4 8. Be3
Na5 9. Nbd2 Nxb3 10. Qxb3 exd4 11. Bxd4 Be7 12. O-O O-O 13. e5 dxe5 14. Bxe5 c5
15. Rad1 Qd3 16. c4 Rfd8 17. Qxd3 Rxd3 18. Bxf6 gxf6 19. Rfe1 Kf8 20. Re3 Bxf3
21. Rxf3 bxc4 22. Rxd3 cxd3 23. Nc4 Rd8 24. b3 f5 25. Ne5 c4 26. bxc4 d2 27.
Nc6 Rc8 28. Nxe7 Kxe7 29. Rxd2 Rxc4 30. Kf1 a5 31. Ke2 a4 32. Kd3 Rc1 33. Rb2
Ra1 34. Kc4 Re1 35. Kb4 Re4+ 36. Ka3 Kd6 37. Rb4 Re2 38. Rf4 Ke5 39. g3 h5 40.
Rxa4 Rxf2 41. Rh4 f4 42. Rxh5+ Ke6 43. gxf4 Rxf4 44. Rh3 Re4 45. Kb3 f5 46. a4
Kd6 47. Rf3 f4 48. h4 Kc5 49. Rc3+ Kb6 50. Rc4 Re3+ 51. Kc2 f3 52. Rf4 Ka5 53.
Kd2 Re2+ 54. Kd1 Rh2 55. Ke1 f2+ 56. Kf1 Kb6 57. Rf6+ Ka5 58. Rf4 Kb6 59. Rf6+
Ka5 60. Rh6 Kxa4 61. h5 Kb5 62. Rh8 Kb6 63. h6 Kb7 64. Rh7+ Ka6 65. Rh8 Ka7 66.
Rf8 1/2-1/2

[Event "30. Open Pula 2016"]
[Site "Pula CRO"]
[Date "2016.09.13"]
[Round "5.16"]
[White "Kljako, Damir"]
[Black "Klem, Davor"]
[Result "1-0"]
[WhiteElo "2157"]
[BlackElo "2048"]
[PlyCount "139"]
[EventDate "2016.09.10"]
[EventType "swiss"]
[EventRounds "9"]
[EventCountry "CRO"]
[SourceTitle "Ajedrez en Madrid"]
[Source "lmi"]
[SourceDate "2016.09.10"]
[SourceVersion "1"]
[SourceVersionDate "2017.04.19"]
[SourceQuality "1"]

1. d4 e5 2. c3 Nc6 3. dxe5 Nxe5 4. Bf4 Ng6 5. Bg3 Nf6 6. e3 d5 7. Bd3 Bd6 8.
Nf3 O-O 9. Nbd2 Re8 10. O-O Bxg3 11. hxg3 Ne4 12. Qc2 Nc5 13. Bf5 Qf6 14. Bxc8
Raxc8 15. c4 dxc4 16. Qxc4 b6 17. b4 Ne6 18. Rac1 Ne5 19. Nxe5 Qxe5 20. Nf3 Qb2
21. Rb1 Qf6 22. Qc6 Red8 23. Rfc1 h6 24. Rc2 Qf5 25. Rbc1 Qd5 26. Qc3 c5 27. b5
f6 28. Rd2 Qb7 29. Qc4 Qf7 30. Qg4 Rxd2 31. Nxd2 Rd8 32. Nf3 Qd7 33. Nh4 Kh7
34. Ng6 Kg8 35. Nh4 Ng5 36. Nf5 g6 37. Nxh6+ Kg7 38. Qxd7+ Rxd7 39. Ng4 Rd2 40.
a4 Kf7 41. f3 Ke6 42. e4 Nf7 43. Ne3 Ra2 44. Nd5 Rxa4 45. Nf4+ Kd7 46. Rd1+ Nd6
47. Nxg6 Rd4 48. Rb1 Rb4 49. Ra1 Nxb5 50. e5 f5 51. Nf4 Rd4 52. Re1 c4 53. e6+
Ke8 54. Kf2 c3 55. Ng6 Nd6 56. Ke3 Rd2 57. Rh1 Kd8 58. Rh8+ Kc7 59. Ne5 b5 60.
Rh7+ Kb6 61. Rd7 Nc4+ 62. Nxc4+ bxc4 63. Rxd2 cxd2 64. Kxd2 Kc6 65. g4 fxg4 66.
f4 a5 67. Kc3 a4 68. Kxc4 Kd6 69. f5 g3 70. Kb4 1-0

[Event "30. Open Pula 2016"]
[Site "Pula CRO"]
[Date "2016.09.13"]
[Round "5.17"]
[White "Sygulski, Pawel"]
[Black "Kukurin, Luka"]
[Result "1/2-1/2"]
[WhiteElo "2133"]
[BlackElo "2027"]
[PlyCount "56"]
[EventDate "2016.09.10"]
[EventType "swiss"]
[EventRounds "9"]
[EventCountry "CRO"]
[SourceTitle "Ajedrez en Madrid"]
[Source "lmi"]
[SourceDate "2016.09.10"]
[SourceVersion "1"]
[SourceVersionDate "2017.04.19"]
[SourceQuality "1"]

1. c4 Nc6 2. g3 e5 3. Bg2 Bc5 4. Nc3 d6 5. Nf3 a6 6. a3 Ba7 7. d3 Nge7 8. b4
Nd4 9. O-O O-O 10. e3 Nxf3+ 11. Qxf3 f5 12. Qe2 Ng6 13. f4 exf4 14. gxf4 Nh4
15. Kh1 c6 16. Rg1 Be6 17. Bb2 Nxg2 18. Rxg2 g6 19. Rag1 Kf7 20. Ba1 d5 21. c5
b6 22. d4 b5 23. Nd1 Bb8 24. Bc3 Ke8 25. Nf2 Kd7 26. Nd3 Qe7 27. Qf3 Bc7 28.
Qh3 Bg8 1/2-1/2

[Event "30. Open Pula 2016"]
[Site "Pula CRO"]
[Date "2016.09.13"]
[Round "5.18"]
[White "Ghersinich, Enrico"]
[Black "Kozak, Antoni"]
[Result "1/2-1/2"]
[WhiteElo "1906"]
[BlackElo "2105"]
[PlyCount "131"]
[EventDate "2016.09.10"]
[EventType "swiss"]
[EventRounds "9"]
[EventCountry "CRO"]
[SourceTitle "Ajedrez en Madrid"]
[Source "lmi"]
[SourceDate "2016.09.10"]
[SourceVersion "1"]
[SourceVersionDate "2017.04.19"]
[SourceQuality "1"]

1. Nf3 Nf6 2. g3 c5 3. Bg2 Nc6 4. O-O e5 5. d3 d5 6. c4 Be7 7. cxd5 Nxd5 8. Nc3
Be6 9. Nxd5 Bxd5 10. Be3 O-O 11. Nd2 Bxg2 12. Kxg2 Qd5+ 13. Kg1 h6 14. Qb3 Qxb3
15. Nxb3 b6 16. a4 a5 17. Bd2 Nd4 18. Nxd4 exd4 19. b3 f5 20. f3 Rae8 21. Rfe1
Bd6 22. Kf2 Kf7 23. h4 Kf6 24. Rh1 Rh8 25. h5 g5 26. hxg6 Kxg6 27. Rh3 Be7 28.
Rah1 Bg5 29. Bxg5 Kxg5 30. Rh5+ Kg6 31. R5h4 Ref8 32. g4 Rf6 33. f4 fxg4 34.
Rxg4+ Kf5 35. Kf3 Rg6 36. Rgh4 Ke6 37. Rh5 Kd6 38. f5 Rf6 39. Kf4 Kd5 40. Rg1
Re8 41. Rg6 Ref8 42. Rhxh6 Rxf5+ 43. Kg4 Rf4+ 44. Kg3 Rf1 45. Rh5+ R8f5 46.
Rxf5+ Rxf5 47. Rxb6 Rf1 48. Rb5 Rb1 49. Kf3 Rb2 50. e3 Rd2 51. exd4 Kxd4 52.
Rxa5 Rxd3+ 53. Ke2 Rxb3 54. Ra8 Kc3 55. a5 Rb2+ 56. Ke3 Rb7 57. a6 Re7+ 58. Kf4
Kd4 59. Kf5 Kd5 60. a7 Rd7 61. Kf4 c4 62. Ke3 c3 63. Kd3 c2 64. Kxc2 Rc7+ 65.
Kb3 Kc6 66. Rh8 1/2-1/2

[Event "30. Open Pula 2016"]
[Site "Pula CRO"]
[Date "2016.09.13"]
[Round "5.19"]
[White "Murko, David"]
[Black "Luijpen, Michiel"]
[Result "1-0"]
[WhiteElo "2103"]
[BlackElo "1958"]
[PlyCount "69"]
[EventDate "2016.09.10"]
[EventType "swiss"]
[EventRounds "9"]
[EventCountry "CRO"]
[SourceTitle "Ajedrez en Madrid"]
[Source "lmi"]
[SourceDate "2016.09.10"]
[SourceVersion "1"]
[SourceVersionDate "2017.04.19"]
[SourceQuality "1"]

1. e4 d5 2. exd5 Qxd5 3. Nc3 Qa5 4. d4 Nf6 5. Nf3 c6 6. Ne5 Bf5 7. Bd3 Bxd3 8.
Qxd3 e6 9. O-O Nbd7 10. f4 Be7 11. Bd2 O-O 12. Ne4 Qc7 13. Rae1 Nxe4 14. Rxe4
Rad8 15. c3 Nf6 16. Re2 c5 17. Kh1 cxd4 18. cxd4 Rd5 19. Bc3 b5 20. b3 Rfd8 21.
Qf3 g6 22. Bb2 Rc8 23. g4 Nd7 24. Nd3 Bf6 25. Ne5 Rd6 26. f5 a5 27. Rc2 Qb8 28.
Rxc8+ Qxc8 29. Rc1 Qf8 30. Nc6 Qh6 31. fxe6 Rxe6 32. d5 Re3 33. Bxf6 Rxf3 34.
Ne7+ Kf8 35. Rc8# 1-0

[Event "30. Open Pula 2016"]
[Site "Pula CRO"]
[Date "2016.09.13"]
[Round "5.20"]
[White "Muskardin, Mario"]
[Black "Skok, Boris"]
[Result "0-1"]
[WhiteElo "2280"]
[BlackElo "2001"]
[PlyCount "82"]
[EventDate "2016.09.10"]
[EventType "swiss"]
[EventRounds "9"]
[EventCountry "CRO"]
[SourceTitle "Ajedrez en Madrid"]
[Source "lmi"]
[SourceDate "2016.09.10"]
[SourceVersion "1"]
[SourceVersionDate "2017.04.19"]
[SourceQuality "1"]

1. e4 c5 2. Ne2 e6 3. g3 b6 4. Bg2 Bb7 5. O-O Nc6 6. c3 h5 7. d4 h4 8. Na3 Nh6
9. dxc5 hxg3 10. hxg3 Bxc5 11. b4 Be7 12. Nc4 d6 13. Bf4 e5 14. Bxh6 Rxh6 15.
a4 Qd7 16. Ne3 g6 17. Qd3 Kf8 18. b5 Na5 19. f4 Qc7 20. Rf2 Qc5 21. Raf1 Rh7
22. f5 gxf5 23. Rxf5 Bc8 24. R5f2 Be6 25. Nd5 Bg5 26. Nb4 Rd8 27. Na6 Qc8 28.
Bh1 Nc4 29. Nb4 Qc5 30. Nc6 Re8 31. Ned4 Be3 32. Nxe6+ Rxe6 33. Bf3 Reh6 34.
Nd8 Qc8 35. Bg2 Qc5 36. Qd5 Qxd5 37. exd5 Rf6 38. Be4 Bxf2+ 39. Rxf2 Rxf2 40.
Kxf2 Rh2+ 41. Bg2 Nb2 0-1

[Event "30. Open Pula 2016"]
[Site "Pula CRO"]
[Date "2016.09.14"]
[Round "6.1"]
[White "Krsnik Cohar, Ivan Vihor"]
[Black "Fercec, Nenad"]
[Result "0-1"]
[WhiteElo "2330"]
[BlackElo "2441"]
[PlyCount "100"]
[EventDate "2016.09.10"]
[EventType "swiss"]
[EventRounds "9"]
[EventCountry "CRO"]
[SourceTitle "Ajedrez en Madrid"]
[Source "lmi"]
[SourceDate "2016.09.10"]
[SourceVersion "1"]
[SourceVersionDate "2017.04.19"]
[SourceQuality "1"]

1. Nf3 c5 2. c4 g6 3. g3 Bg7 4. Bg2 Nf6 5. Nc3 O-O 6. O-O d5 7. cxd5 Nxd5 8. e3
Nc7 9. d4 cxd4 10. exd4 Nc6 11. Be3 Be6 12. Qd2 Nd5 13. Ng5 Nxe3 14. fxe3 Bc4
15. Rfd1 e5 16. Nf3 exd4 17. Nxd4 Nxd4 18. exd4 Qd7 19. b3 Be6 20. Rac1 Bg4 21.
Nd5 Bxd1 22. Rxd1 Rad8 23. Qg5 Rfe8 24. Bf3 Qd6 25. Kg2 h6 26. Qd2 h5 27. Qa5
a6 28. Nf4 Bxd4 29. Bxb7 Qc5 30. Qxc5 Bxc5 31. Nd5 Re2+ 32. Kh1 Kg7 33. Bxa6
Rxa2 34. Bc4 Rda8 35. Nc7 Ra1 36. Rxa1 Rxa1+ 37. Kg2 Ra2+ 38. Kh1 Rb2 39. Nd5
g5 40. h3 f5 41. h4 f4 42. gxf4 g4 43. Nc3 Be7 44. Ne2 Bxh4 45. Kg1 Kg6 46. Kh1
Bf2 47. Kg2 Bb6 48. Kf1 h4 49. Be6 h3 50. Ng3 Rf2+ 0-1

[Event "30. Open Pula 2016"]
[Site "Pula CRO"]
[Date "2016.09.14"]
[Round "6.3"]
[White "Vasic, Bosko"]
[Black "Zufic, Miroslav"]
[Result "1-0"]
[WhiteElo "2090"]
[BlackElo "2442"]
[PlyCount "115"]
[EventDate "2016.09.10"]
[EventType "swiss"]
[EventRounds "9"]
[EventCountry "CRO"]
[SourceTitle "Ajedrez en Madrid"]
[Source "lmi"]
[SourceDate "2016.09.10"]
[SourceVersion "1"]
[SourceVersionDate "2017.04.19"]
[SourceQuality "1"]

1. e4 c5 2. Nf3 Nc6 3. Nc3 g6 4. Bb5 Bg7 5. O-O Nd4 6. Ba4 Qa5 7. a3 e6 8. b4
Qc7 9. bxc5 Qxc5 10. Rb1 a6 11. Nxd4 Bxd4 12. Ne2 Bg7 13. d4 Qa5 14. c4 Ne7 15.
c5 e5 16. Be3 exd4 17. Bxd4 Bxd4 18. Qxd4 O-O 19. Nc3 Nc6 20. Qf6 Qxc5 21. Nd5
Re8 22. Bxc6 dxc6 23. Nc7 Be6 24. Rxb7 Bc4 25. Nxe8 Rxe8 26. Rc1 Qa5 27. h3 Be6
28. Qc3 Qg5 29. Qc5 Qf4 30. Qe3 Qd6 31. Rb4 Rc8 32. Qc5 Qf4 33. Qe3 Qd6 34. Rb6
a5 35. Qc5 Qd3 36. f3 h5 37. Kh1 a4 38. Qc3 Qd6 39. e5 Qe7 40. Qb4 c5 41. Qxa4
Qg5 42. Qd1 Qxe5 43. Qe1 Qf4 44. Rc3 Bf5 45. Qe3 Qc7 46. Rb2 c4 47. a4 Qa5 48.
Ra2 h4 49. Qc1 Be6 50. Qa3 Rd8 51. Qc1 Rd4 52. Ra1 Kg7 53. Qe1 Rd8 54. Rc2 Qf5
55. Qc3+ Kh7 56. a5 Rd3 57. Qe1 Kg7 58. Rc3 1-0

[Event "30. Open Pula 2016"]
[Site "Pula CRO"]
[Date "2016.09.14"]
[Round "6.4"]
[White "Jovanic, Ognjen"]
[Black "Hresc, Vladimir"]
[Result "1-0"]
[WhiteElo "2433"]
[BlackElo "2354"]
[PlyCount "109"]
[EventDate "2016.09.10"]
[EventType "swiss"]
[EventRounds "9"]
[EventCountry "CRO"]
[SourceTitle "Ajedrez en Madrid"]
[Source "lmi"]
[SourceDate "2016.09.10"]
[SourceVersion "1"]
[SourceVersionDate "2017.04.19"]
[SourceQuality "1"]

1. d4 Nf6 2. c4 e6 3. Nf3 d5 4. e3 Be7 5. b3 O-O 6. Bb2 b6 7. Bd3 Bb7 8. O-O
Nbd7 9. Nc3 c5 10. Rc1 Rc8 11. cxd5 Nxd5 12. Nxd5 Bxd5 13. Ba6 Rc7 14. Ba3 Nb8
15. Be2 cxd4 16. Bxe7 Qxe7 17. Nxd4 Rfc8 18. Qd2 g6 19. f3 Rxc1 20. Rxc1 Rxc1+
21. Qxc1 e5 22. Nb5 Bc6 23. Qd2 Bxb5 24. Bxb5 Qc5 25. a4 Nc6 26. Kf2 Nb4 27.
Qd8+ Kg7 28. Bc4 Nc2 29. Qd2 Na3 30. Bd3 a5 31. Ke2 Kf6 32. g4 h6 33. h4 Ke7
34. Be4 Ke6 35. g5 hxg5 36. hxg5 Ke7 37. Kf2 Ke8 38. Ke1 Ke7 39. Ke2 Ke8 40.
Qd5 Qxd5 41. Bxd5 Ke7 42. Kd3 b5 43. b4 Kd6 44. Bxf7 axb4 45. a5 Kc5 46. f4 Nc4
47. a6 e4+ 48. Kxe4 b3 49. Kd3 b2 50. Kc2 Nxe3+ 51. Kb1 Kb6 52. Bxg6 Kxa6 53.
f5 Nc4 54. f6 Ne5 55. Bf5 1-0

[Event "30. Open Pula 2016"]
[Site "Pula CRO"]
[Date "2016.09.14"]
[Round "6.5"]
[White "Loncar, Robert"]
[Black "Barthel, Ansgar"]
[Result "0-1"]
[WhiteElo "2389"]
[BlackElo "2211"]
[PlyCount "98"]
[EventDate "2016.09.10"]
[EventType "swiss"]
[EventRounds "9"]
[EventCountry "CRO"]
[SourceTitle "Ajedrez en Madrid"]
[Source "lmi"]
[SourceDate "2016.09.10"]
[SourceVersion "1"]
[SourceVersionDate "2017.04.19"]
[SourceQuality "1"]

1. d4 d5 2. Nf3 c5 3. c4 e6 4. cxd5 exd5 5. Nc3 Nc6 6. g3 Nf6 7. Bg2 Be7 8. O-O
O-O 9. dxc5 Bxc5 10. b3 Bg4 11. Bb2 a6 12. Rc1 Ba7 13. h3 Be6 14. Ng5 Nh5 15.
Nxe6 fxe6 16. e3 Nxg3 17. fxg3 Bxe3+ 18. Kh2 Bxc1 19. Qxc1 Rxf1 20. Qxf1 Qd6
21. Qf2 Ne7 22. Ne2 Rc8 23. Qd4 Nf5 24. Qd3 Qc5 25. Nd4 Nxd4 26. Bxd4 Qc2 27.
Qe3 Qg6 28. Qe5 Qf7 29. a4 h6 30. h4 Rc6 31. Bf3 Qc7 32. Qe3 Qf7 33. g4 Kf8 34.
Kg3 Qc7+ 35. Be5 Qb6 36. Qf4+ Kg8 37. Kh3 Qxb3 38. Kg3 Rc4 39. Bd4 Qd3 40. Qb8+
Kh7 41. Be5 Qe3 42. Bb2 Qg1+ 43. Kh3 Qf2 44. Qg3 Qxb2 45. g5 Qc2 46. Be2 Rc3
47. g6+ Kg8 48. Bf3 Qf5+ 49. Kg2 Rxf3 0-1

[Event "30. Open Pula 2016"]
[Site "Pula CRO"]
[Date "2016.09.14"]
[Round "6.6"]
[White "Zierke, Oliver"]
[Black "Berke, Ana"]
[Result "1-0"]
[WhiteElo "2238"]
[BlackElo "2128"]
[PlyCount "139"]
[EventDate "2016.09.10"]
[EventType "swiss"]
[EventRounds "9"]
[EventCountry "CRO"]
[SourceTitle "Ajedrez en Madrid"]
[Source "lmi"]
[SourceDate "2016.09.10"]
[SourceVersion "1"]
[SourceVersionDate "2017.04.19"]
[SourceQuality "1"]

1. d4 Nf6 2. Nf3 e6 3. Bg5 c5 4. e3 Be7 5. dxc5 Qa5+ 6. Nbd2 Qxc5 7. c4 O-O 8.
Bd3 b6 9. O-O Bb7 10. Rc1 Qc7 11. Bb1 d6 12. Qc2 Nbd7 13. e4 Rfe8 14. Rfe1 Rac8
15. b4 a6 16. Nd4 Qb8 17. Qb3 h6 18. Be3 Ng4 19. Nf1 Nxe3 20. Nxe3 Ne5 21. a3
Qa8 22. f3 Bf6 23. Ne2 Rc6 24. f4 Nd7 25. Ng4 Bh4 26. Red1 b5 27. c5 Nf8 28.
Nd4 Rc7 29. Nf3 Be7 30. cxd6 Rxc1 31. Rxc1 Bxd6 32. e5 Be7 33. Nf2 a5 34. Bd3
axb4 35. axb4 Qa4 36. Rb1 Rd8 37. Be4 Bxe4 38. Nxe4 Qxb3 39. Rxb3 f6 40. exf6
gxf6 41. Kf2 Kf7 42. Nc3 Nd7 43. Nd4 Nc5 44. bxc5 Bxc5 45. Ncxb5 Bxd4+ 46. Kf3
Bc5 47. g4 Be7 48. Ke4 Rd2 49. h4 f5+ 50. gxf5 exf5+ 51. Kxf5 Bxh4 52. Nc3 Be7
53. Rb7 h5 54. Ke5 Ke8 55. f5 Rf2 56. Ke6 Bg5 57. Rh7 Kd8 58. Rxh5 Bc1 59. Rh8+
Kc7 60. Nd5+ Kb7 61. Rh7+ Ka6 62. f6 Re2+ 63. Kd7 Rd2 64. Rh5 Rf2 65. Ke8 Ba3
66. Re5 Rh2 67. f7 Rh8+ 68. Kd7 Rh7 69. Rf5 Bf8 70. Ne7 1-0

[Event "30. Open Pula 2016"]
[Site "Pula CRO"]
[Date "2016.09.14"]
[Round "6.7"]
[White "Molnar, Bela"]
[Black "Murko, David"]
[Result "1-0"]
[WhiteElo "2290"]
[BlackElo "2103"]
[PlyCount "166"]
[EventDate "2016.09.10"]
[EventType "swiss"]
[EventRounds "9"]
[EventCountry "CRO"]
[SourceTitle "Ajedrez en Madrid"]
[Source "lmi"]
[SourceDate "2016.09.10"]
[SourceVersion "1"]
[SourceVersionDate "2017.04.19"]
[SourceQuality "1"]

1. e4 c5 2. Nf3 d6 3. d4 cxd4 4. Nxd4 Nf6 5. f3 Nc6 6. c4 Nxd4 7. Qxd4 g6 8.
Nc3 Bg7 9. Bg5 O-O 10. Qd2 Re8 11. Be2 Be6 12. Rc1 Rc8 13. b3 Bd7 14. h4 a6 15.
g4 Qa5 16. h5 e6 17. hxg6 fxg6 18. b4 Qxb4 19. e5 Nxg4 20. fxg4 Bxe5 21. Ne4
Qxd2+ 22. Kxd2 Bc6 23. Bd3 Rf8 24. Bh6 Bxe4 25. Bxe4 Rf2+ 26. Kd3 Rxa2 27. Bxb7
Rc7 28. Rhf1 Bg7 29. Bxg7 Kxg7 30. Be4 Rc5 31. Ra1 Raa5 32. Rxa5 Rxa5 33. Rb1
d5 34. cxd5 exd5 35. Rb7+ Kf6 36. Bf3 h5 37. gxh5 Ra3+ 38. Ke2 gxh5 39. Bxd5
Kg5 40. Kf2 a5 41. Bf3 a4 42. Rb5+ Kf4 43. Rb4+ Kg5 44. Be2 Kg6 45. Rb6+ Kg5
46. Rb5+ Kf6 47. Rxh5 Rb3 48. Ra5 a3 49. Bg4 Ke7 50. Ra6 Rc3 51. Be2 Kd7 52.
Ke1 Kc7 53. Kd2 Rb3 54. Bc4 Kb7 55. Ra4 Rg3 56. Bd3 Rg2+ 57. Be2 Rg5 58. Rd4
Kc6 59. Ra4 Kc5 60. Rc4+ Kb6 61. Ra4 Kc5 62. Bd3 Rg2+ 63. Kc3 Ra2 64. Ra5+ Kb6
65. Rb5+ Kc6 66. Rb1 Kc5 67. Bc2 Rb2 68. Ra1 Rb4 69. Rxa3 Rc4+ 70. Kd2 Kd4 71.
Rh3 Kc5 72. Bb3 Re4 73. Kc3 Re5 74. Bc4 Kd6 75. Rf3 Ra5 76. Rf6+ Ke5 77. Re6+
Kf4 78. Kd4 Kf5 79. Re7 Kg4 80. Bd5 Kf4 81. Re6 Kg3 82. Ke5 Kf2 83. Re7 Kg3 1-0

[Event "30. Open Pula 2016"]
[Site "Pula CRO"]
[Date "2016.09.14"]
[Round "6.8"]
[White "Elishev, Ivan"]
[Black "Licardo, Renato"]
[Result "1-0"]
[WhiteElo "2098"]
[BlackElo "2215"]
[PlyCount "111"]
[EventDate "2016.09.10"]
[EventType "swiss"]
[EventRounds "9"]
[EventCountry "CRO"]
[SourceTitle "Ajedrez en Madrid"]
[Source "lmi"]
[SourceDate "2016.09.10"]
[SourceVersion "1"]
[SourceVersionDate "2017.04.19"]
[SourceQuality "1"]

1. e4 c5 2. Nf3 Nc6 3. d4 cxd4 4. Nxd4 Nf6 5. Nc3 g6 6. Be3 Bg7 7. Bc4 O-O 8.
Bb3 Ng4 9. Qxg4 Nxd4 10. Qd1 Nxb3 11. axb3 b6 12. Qd5 Qc7 13. Qxa8 Bxc3+ 14.
Kd1 Bb7 15. Qxa7 Bxb2 16. Rb1 Bg7 17. Qxb6 Qc8 18. f3 d5 19. exd5 Bxd5 20. c4
Qf5 21. Ke2 Be6 22. Rbd1 Qe5 23. Rd2 h5 24. Kf2 Kh7 25. g3 Rb8 26. Qd4 Qc7 27.
Qc5 Qb7 28. Bf4 Rc8 29. Qb5 Qa7+ 30. Be3 Qc7 31. Rhd1 Rb8 32. Qc5 Qb7 33. Bf4
Ra8 34. Qb5 Qa7+ 35. Be3 Qc7 36. Qc5 Qb7 37. Qb6 Qxb6 38. Bxb6 Rb8 39. Bd4 Rxb3
40. Bxg7 Kxg7 41. Rc1 Rb6 42. c5 Rc6 43. Rb2 Kf6 44. Rb6 Rc7 45. f4 Kf5 46. Ke3
Bd5 47. Kd4 Bf3 48. c6 f6 49. Kc5 h4 50. Rc3 Kg4 51. Ra6 hxg3 52. hxg3 Kxg3 53.
Rc4 g5 54. f5 Rc8 55. c7 g4 56. Kb6 1-0

[Event "30. Open Pula 2016"]
[Site "Pula CRO"]
[Date "2016.09.14"]
[Round "6.9"]
[White "Fucak, Emilio Milko"]
[Black "Zagorsek, David"]
[Result "1-0"]
[WhiteElo "2208"]
[BlackElo "1945"]
[PlyCount "125"]
[EventDate "2016.09.10"]
[EventType "swiss"]
[EventRounds "9"]
[EventCountry "CRO"]
[SourceTitle "Ajedrez en Madrid"]
[Source "lmi"]
[SourceDate "2016.09.10"]
[SourceVersion "1"]
[SourceVersionDate "2017.04.19"]
[SourceQuality "1"]

1. b3 e5 2. Bb2 Nc6 3. c4 Nf6 4. e3 Bc5 5. a3 d5 6. cxd5 Nxd5 7. Nf3 e4 8. Qc2
Qe7 9. d4 Bd6 10. Nfd2 f5 11. b4 a6 12. Nc4 O-O 13. g3 Be6 14. Nc3 Nxc3 15.
Bxc3 Qf7 16. Bd2 Bd5 17. Nxd6 cxd6 18. Qb2 Kh8 19. b5 axb5 20. Bxb5 Rfc8 21.
O-O g5 22. Rfb1 Ne7 23. Rc1 Qe6 24. Rxc8+ Rxc8 25. Rc1 Kg7 26. Rxc8 Qxc8 27.
Bb4 Qc7 28. Qc3 Qxc3 29. Bxc3 Kf6 30. Bd7 Kf7 31. Bb4 Be6 32. Bb5 Nc8 33. h4 g4
34. Kf1 Ke7 35. Ke1 Na7 36. Be2 Kd7 37. Kd2 Nc8 38. Bb5+ Kc7 39. Kc2 Ne7 40.
Ba5+ b6 41. Bd2 Nd5 42. Be2 Kb7 43. Kb2 Kc7 44. a4 Kb7 45. Ka3 Kc7 46. Be1 Kb7
47. Bb5 Nc7 48. Be2 Nd5 49. a5 Nc7 50. Bb4 Kc6 51. h5 bxa5 52. Bxa5 Nd5 53. h6
Nf6 54. Bd8 Nd5 55. Bd1 Nc3 56. Bc2 Kb5 57. Bc7 Kc6 58. Ba5 Nd5 59. Ba4+ Kb7
60. Kb2 Nb6 61. Bxb6 Kxb6 62. Be8 Kc7 63. Bg6 1-0